000 00516nam a22001817a 4500
999 _c5834
_d5834
003 GBCCL
005 20241126110550.0
008 180410b ||||| |||| 00| 0 eng d
040 _cgbc
082 _a616.9792
_bEHA
110 _aEmmanuel Hospital Association
_910560
245 _aHIV/AIDS Counseling module
260 _aNew Delhi:
_bEmmanuel Hospital Association
300 _a117 p.;
_bill.,
_c21 cm.
650 _aAIDS
_vCounseling module
_910561
650 _aHIV
_vCounseling module
_910562
942 _2ddc
_cBK
_03